[Event "Airthings Masters MCCT Prel 2022"]
[Site "Online"]
[Date "2022.02.13"]
[Round "3.1"]
[White "Abdusattorov, Nodirbek"]
[Black "Artemiev, Vladislav"]
[Result "1/2-1/2"]
[WhiteElo "2651"]
[BlackElo "2700"]
[Annotator "TA"]
[PlyCount "89"]
[EventDate "2022.02.18"]
[EventType "tourn"]
[EventCountry "NET"]
[SourceTitle "playchess.com"]
[Source "ChessBase"]
[SourceQuality "1"]

{[%evp 9,89,37,37,39,33,31,28,35,31,29,26,20,21,31,20,28,30,0,6,0,0,0,20,30,27,
-20,-18,-15,-20,-33,0,0,0,0,0,0,0,0,0,0,0,0,0,0,0,0,0,-8,-8,-8,-8,-15,-14,-15,
-13,-15,-15,-17,-7,-15,-15,-15,-5,-5,-6,-6,-6,-21,0,-15,-15,-15,-15,-15,-15,
-15,-15,-29,-29,-29,-29,-29]} 1. c4 e6 2. Nc3 d5 3. d4 h6 4. Nf3 Nf6 5. g3 Nc6
6. Bg2 {D37: Queen's Gambit Declined: 5 Bf4.} Bd6 7. O-O O-O 8. b3 {White has
an edge.} dxc4 9. bxc4 e5 10. Rb1 exd4 11. Nxd4 Nxd4 12. Qxd4 Re8 {[#]} 13. Be3
$146 ({Predecessor:} 13. Rd1 Qe7 14. Bb2 Be5 15. Nd5 Nxd5 16. Qxe5 Qxe5 17.
Bxe5 Rxe5 18. Rxd5 Re8 19. Rd2 {1-0 (44) Moskvichev,V (2242)-Buczinski,H (2200)
ICCF email 2011}) 13... Qe7 $1 14. Nb5 (14. Bxb7 $2 {[#]} c5 $1 {[%mdl 512]}
15. Nd5 cxd4 $17) 14... Be5 15. Qc5 {aiming for Qxe7.} Qxc5 16. Bxc5 {[#] f4
is the strong threat.} Bf5 {Threatens to win with ...a6.} 17. Rb3 (17. f4 $142
Bxb1 18. Rxb1) 17... Ne4 $11 18. Bxe4 Bxe4 19. Re3 Bf5 20. f4 Bf6 21. Nxc7 Rxe3
22. Bxe3 Rc8 23. Nb5 {Hoping for Nd6.} Be7 {Prevents Nd6.} (23... Rxc4 $2 24.
Nd6 Be6 25. Nxc4 Bxc4 26. Bxa7 $18) 24. Rc1 a6 25. Nd4 Be4 26. Nf3 Ba3 27. Rc3
Bb4 {A strong pair of Bishops.} 28. Rb3 Bxf3 29. Rxb4 Bxe2 {[%mdl 4096]
Endgame KRB-KRB} 30. c5 Bf3 31. Kf2 Bc6 32. Rd4 Re8 33. g4 f5 34. h3 Kf7 35.
Rd6 fxg4 36. hxg4 Re4 37. Rd4 g6 38. Rd6 Re6 (38... Ra4 {keeps more tension.}
39. Bd4 Rxa2+ 40. Ke1 Be8 41. f5 gxf5 42. gxf5 Rh2) 39. Rxe6 Kxe6 {KB-KB} 40.
f5+ gxf5 41. gxf5+ Kxf5 42. Bxh6 Ke4 43. Ke2 Kd4 44. Kd2 Kxc5 45. Kc3 {
Weighted Error Value: White=0.04 (flawless) /Black=0.03 (flawless)} 1/2-1/2

[Event "Airthings Masters MCCT Prel 2022"]
[Site "Online"]
[Date "2022.02.13"]
[Round "3.2"]
[White "Esipenko, Andrey"]
[Black "Carlsen, Magnus"]
[Result "1-0"]
[WhiteElo "2714"]
[BlackElo "2865"]
[Annotator "TA"]
[PlyCount "88"]
[EventDate "2022.02.18"]
[EventType "tourn"]
[EventCountry "NET"]
[SourceTitle "playchess.com"]
[Source "ChessBase"]
[SourceQuality "1"]

{[%evp 11,88,18,18,17,28,17,31,14,43,44,41,30,44,34,54,52,61,45,41,30,41,39,46,
44,37,8,42,0,75,72,100,99,99,110,118,73,86,86,88,90,105,74,155,153,147,122,109,
89,222,208,218,204,281,215,212,211,397,410,426,420,528,516,533,535,554,548,571,
573,614,591,851,793,1266,1223,1537,1518,1288,1169,3915]} 1. e4 e5 2. Nf3 Nc6 3.
Bc4 Nf6 4. d3 Be7 5. O-O O-O 6. Nc3 d6 7. a4 {C55: Two Knights: 4 d3, 4 d4
exd4 5 e5 and Max Lange Attack.} a5 {7...Be6 is becoming the main line.} 8. Re1
Nb4 9. Ne2 {[#] White is slightly better.} Be6 $146 (9... Bg4 {with more
complications.} 10. Ng3 Nd7 11. c3 Bxf3 12. gxf3 Nc6) ({Predecessor:} 9... Bg4
10. Ng3 c6 11. c3 d5 12. exd5 Bxf3 13. gxf3 cxd5 14. Bb5 Nc6 15. f4 exf4 16.
Bxf4 {1-0 (42) Van Foreest,J (2701)-Ivanisevic,I (2604) Terme Catez 2021}) 10.
Bxe6 fxe6 11. Ng3 Nc6 12. c3 Nd7 13. Be3 Nf6 14. d4 exd4 15. cxd4 d5 16. Ng5 {
[%cal Bf3g5,Bg5h3,Bh3f4,Bf4e6][%mdl 32]} Qd7 17. e5 Ne8 18. Nh3 Ra6 19. Qg4 (
19. Rc1 $14) 19... Rb6 (19... Nb4 $11) 20. Nf4 $36 {[%mdl 2048] White is
really pushing.} Rxb2 21. Qxe6+ ({Don't blunder} 21. Nxe6 $2 Nd8 22. f4 (22.
Bc1 $2 Rbxf2 23. Be3 R2f7 $19) 22... Nxe6 $19) 21... Qxe6 22. Nxe6 Rf7 23. Rec1
({White should play} 23. Reb1 Rxb1+ 24. Rxb1) 23... g6 24. Rab1 Rxb1 25. Rxb1
Nb4 26. Ne2 c6 (26... b6 $142) 27. Bh6 Rf5 28. g4 {White is more active.} Rf3
29. Be3 $1 Kf7 {[#] Black cannot hold the game after this.} (29... Rf7 $16) 30.
N6f4 $1 $18 g5 {[#]} 31. Nh5 Kg8 32. Kg2 Rf8 33. h4 h6 (33... gxh4 {was worth
a try.} 34. Bh6 Rf7) 34. Neg3 Kf7 35. Nf5 Rh8 36. Nxe7 {White is clearly
winning.} Kxe7 37. hxg5 hxg5 38. Bxg5+ Kf7 39. f4 {[%cal Bf2f4,Bf4f5][%mdl 32]}
Rg8 40. Kg3 Nc7 41. Nf6 Rg7 42. Bh6 Rg6 43. g5 Ne6 44. f5 Rxf6 {Weighted Error
Value: White=0.08 (flawless) /Black=0.35} 1-0

[Event "Airthings Masters MCCT Prel 2022"]
[Site "Online"]
[Date "2022.02.13"]
[Round "3.3"]
[White "Nepomniachtchi, Ian"]
[Black "Giri, Anish"]
[Result "1-0"]
[WhiteElo "2773"]
[BlackElo "2772"]
[Annotator "TA"]
[PlyCount "105"]
[EventDate "2022.02.18"]
[EventType "tourn"]
[EventCountry "NET"]
[SourceTitle "playchess.com"]
[Source "ChessBase"]
[SourceQuality "1"]

{[%evp 17,105,0,11,0,18,6,20,14,20,0,0,0,0,0,75,86,86,58,70,-10,-14,-1,-7,-14,
-6,-10,-4,-31,22,20,31,30,33,10,8,8,19,0,4,0,0,0,0,0,0,0,0,0,0,0,41,2,250,236,
236,226,224,217,109,117,220,187,269,236,258,264,421,387,732,651,607,611,29985,
29986,29986,29987,29987,29988,29990,29988,29988,29989,29989,29990,29990,29991,
29991,29992,29992,29993]} 1. e4 c5 2. Nf3 d6 3. d4 cxd4 4. Nxd4 Nf6 5. Nc3 a6
6. Be2 e5 7. Nb3 Be7 8. O-O O-O 9. Be3 Be6 10. Re1 {Recently 10.Qd3 got a lot
of attention. B92: Sicilian Najdorf: 6 Be2.} h6 {[#]} 11. Qd2 $146 ({
Predecessor:} 11. a4 Nc6 12. Bf3 Na5 13. Nxa5 Qxa5 14. Bd2 Qc5 15. a5 Rac8 16.
Be3 Qb4 17. Qc1 Bd7 18. Rd1 Bc6 19. h3 Rfe8 20. Bd2 Qc5 21. Be3 Qb4 22. Bd2 Qc5
23. Be3 Qb4 {½-½ (23) Vitiugov,N (2727)-Sarana,A (2649) Riga 2021}) 11... Nc6
12. Bf3 {The position is equal.} a5 13. Nd5 a4 14. Nc1 Bxd5 15. exd5 Nd4 (15...
Nb8 $11 {remains equal.}) 16. Bxd4 $16 exd4 17. Qxd4 Nd7 18. Nd3 {White is
more active.} ({White should try} 18. a3 $14) 18... a3 19. Qb4 {[%csl LRa3,
LRb7]} axb2 20. Rab1 Bf6 {[%cal Be7f6,Bf6e5,Be5d4,Bd4c5][%mdl 32]} 21. Nxb2
Rxa2 22. Nd3 Ne5 (22... Rxc2 $15 23. Qxb7 (23. Qxd6 Ne5 $15) 23... Ne5) 23. Be4
$11 Ra7 24. Nxe5 Bxe5 25. g3 Qf6 {...Bc3 is the strong threat.} 26. Re2 Bd4 27.
Kg2 Bc5 28. Qb5 b6 29. Rb3 Qd8 30. Rf3 Re7 31. h4 h5 (31... Qe8 $5 32. Bd3 Rxe2
33. Bxe2 Qe5 $11) 32. Qd3 {And now Bh7+ would win.} Rfe8 33. Rf4 Qd7 (33... Ra7
$11 {should be considered.}) 34. Bf5 Qb7 (34... Qd8 $1 $11 35. Be4 Ra7) 35.
Bh7+ $18 Kf8 36. Rxe7 Rxe7 37. Bg6 Kg8 38. Bxh5 Qd7 (38... b5 $16 {is a better
defense.} 39. Bf3 Qd7) 39. Bg4 $36 {[%cal Bh5g4,Bg4f5,Bf5e4,Be4g6][%mdl 2080]
White is on the roll.} Qe8 {[#]} (39... Qb7 $142 40. c4 Re5) 40. h5 $1 {
[%cal Bh4h5,Bh5h6][%mdl 32]} Re1 41. Bf5 Kh8 (41... Qe2 {was necessary.} 42.
Bh7+ Kf8) 42. Be4 f6 $2 (42... Ba3 43. Qxa3 Rxe4 44. Qxd6 b5) 43. Bg6 Qa8 44.
h6 Qa1 {[#]} 45. Qf5 $1 {White mates.} Rg1+ 46. Kh3 {[%cal Rf5c8]} Qf1+ 47. Kg4
{[%cal Rf5c8]} Qd1+ 48. f3 {[%cal Rf5c8]} Rxg3+ 49. Kxg3 {[%cal Rf5c8]} Qg1+
50. Kh3 {[%cal Rf5c8,Bg3h3,Bh3g4,Bg4h5][%mdl 32]} Qf1+ 51. Kg4 {[%cal Rf5c8]}
Qg2+ 52. Kh5 {[%cal Rf5c8]} Qh2+ 53. Rh4 {Weighted Error Value: White=0.09 
(flawless) /Black=0.43} 1-0

[Event "Airthings Masters MCCT Prel 2022"]
[Site "Online"]
[Date "2022.02.13"]
[Round "3.4"]
[White "Kosteniuk, Alexandra"]
[Black "Mamedyarov, Shakhriyar"]
[Result "0-1"]
[WhiteElo "2516"]
[BlackElo "2767"]
[Annotator "TA"]
[PlyCount "108"]
[EventDate "2022.02.18"]
[EventType "tourn"]
[EventCountry "NET"]
[SourceTitle "playchess.com"]
[Source "ChessBase"]
[SourceQuality "1"]

{[%evp 11,108,35,35,31,24,20,19,27,33,31,37,7,10,10,29,7,0,8,4,0,0,-11,-2,-44,
-26,-47,-58,-55,-60,-73,-68,-84,-67,-133,-96,-147,-132,-113,-19,-140,-142,-146,
-144,-202,-193,-204,-200,-192,-187,-364,-284,-335,-152,-157,-146,-164,-156,
-163,-168,-153,-158,-208,-218,-271,-262,-264,-258,-299,-241,-231,-224,-303,
-287,-314,-295,-295,-292,-369,-290,-285,-260,-1297,-1282,-1251,-1247,-1219,
-1206,-1047,-863,-12325,-6506,-5110,-2600,-29968,-29969,-29958,-29961,-6506,
-6113]} 1. e4 {ChessBase II} d5 2. exd5 Qxd5 3. Nc3 Qa5 4. d4 Nf6 5. Nf3 Bf5 6.
Bc4 e6 7. Bd2 {[%cal Oc3d5] Hoping for Nd5! B01: Scandinavian Defence.} (7. O-O
{keeps more tension.} Nbd7 8. a3 c6 9. Nh4 Bg6 10. Bf4) 7... Bb4 $1 {[%mdl 4]
is currently scoring better than 7...c6.} 8. a3 Bxc3 9. Bxc3 {The position is
equal.} Qb6 10. d5 Nbd7 11. Qe2 {Threatens to win with dxe6.} O-O 12. dxe6 Bxe6
13. Bxe6 {This bishop pair is nice.} Rae8 $1 {[%mdl 64] Pin} 14. O-O {[%cal
Oe6f7]} Rxe6 {[#]} 15. Qc4 $146 ({Predecessor:} 15. Qd3 Nc5 16. Qf5 Nce4 17.
Bxf6 Nxf6 18. b4 Rfe8 19. Rae1 Ne4 20. Rxe4 Rxe4 21. Ng5 {½-½ (29) Bogdanov,
E (2389)-Prie,E (2482) Sautron 2018 EXT 2021 [ChessBase II]}) 15... Ne4 16. Bd4
c5 17. Be3 (17. Bc3 $11) 17... Qxb2 $15 18. Rab1 Qxa3 19. Rxb7 Nb6 20. Qd3 Qa4
21. h4 h6 {To avoid Ng5} 22. Re1 (22. Rc7 $15) 22... Rfe8 23. Qb3 ({Better is} 
23. Rc7) 23... Qa6 24. Rc7 {[%cal Oe3d4]} Nc4 (24... Qa5 $17 {White must now
prevent ...Rd8.} 25. Qd3 {[#]} (25. Bf4 $2 c4 $19) 25... Nd5 $1) 25. Qb7 (25.
Bxc5 $11 Qa5 26. Qb7 Nxc5 27. Rxe6 Qa1+ 28. Kh2 Nxb7 29. Rxe8+ Kh7 30. Rxb7)
25... Qxb7 $17 26. Rxb7 a5 {[%cal Ba7a5,Ba5a4][%mdl 32]} 27. Ra7 (27. Ra1 $17)
27... Nc3 $19 28. Ra1 Nxe3 29. fxe3 a4 ({Not} 29... Rxe3 30. R1xa5 Ne4 31. Rc7
$17) 30. Rc7 $2 (30. Ra5 {is a better defense.}) 30... Rxe3 {[%cal Oa4a3]} 31.
Rxc5 Ra8 (31... a3 $19 {And now ...a2 would win.} 32. Kf2 a2) 32. Nd4 g6 {
Prevents Nf5. Black is more active.} 33. Kf2 {[#]} Rh3 {[%mdl 512]} 34. gxh3
Ne4+ 35. Ke3 Nxc5 $17 {[%mdl 4096] Endgame KRN-KRN} 36. Nb5 (36. Kd2 $17) 36...
Rb8 $19 37. c4 Re8+ 38. Kf3 Rd8 39. Ke2 Kg7 40. h5 g5 41. Nc3 Re8+ 42. Kf3 Rb8
43. Nb5 Rd8 {Prevents Nd6.} 44. Re1 Rd2 45. Re7 Rd3+ 46. Re3 $2 (46. Kg2) 46...
f5 {[%cal Bf7f5,Bf5f4,Bf4f3,Bf3f2][%mdl 32]} 47. Rxd3 Nxd3 {KN-KN} 48. Ke3 Nc5
49. Kd4 {[#]} f4 $1 50. Nc3 {[#]} (50. Kc3 f3) 50... a3 $1 51. Na2 {[#]} Kf6 $1
{[%cal Of6f5] ...Kf5! is the strong threat.} 52. Nc1 {[#]} (52. Nc3 Nb3+) 52...
f3 $1 53. Ke3 f2 54. Ke2 {[#]} Nd3 $1 {[%mdl 512] Weighted Error Value:
White=0.60/Black=0.13 (very precise)} 0-1

[Event "Airthings Masters MCCT Prel 2022"]
[Site "Online"]
[Date "2022.02.13"]
[Round "3.5"]
[White "Keymer, Vincent"]
[Black "Aronian, Levon"]
[Result "1/2-1/2"]
[WhiteElo "2664"]
[BlackElo "2772"]
[Annotator "TA"]
[PlyCount "147"]
[EventDate "2022.02.18"]
[EventType "tourn"]
[EventCountry "NET"]
[SourceTitle "playchess.com"]
[Source "ChessBase"]
[SourceQuality "1"]

{[%evp 16,147,19,22,80,32,45,29,22,26,25,28,32,28,25,41,26,24,35,43,29,22,25,
18,14,14,15,10,23,29,36,36,74,65,117,54,46,60,199,96,120,115,120,123,279,127,
119,103,111,112,111,78,88,111,181,181,172,187,187,195,185,179,309,296,275,258,
271,202,433,341,225,228,441,433,322,406,687,680,7031,5088,5102,5077,2558,1765,
1623,1460,1816,1437,1308,0,0,-8,-8,-8,-8,-8,-8,-8,-8,-8,-8,-8,-8,-8,-8,-8,-8,
-8,-8,-8,-8,-8,-8,-8,-8,-8,-8,-8,-8,-8,-8,-8,-8,-8,-8,-8,-8,-8,-8,-8,-8,-8,-8,
-8]} 1. Nf3 d5 2. g3 c5 3. Bg2 Nc6 4. d4 Nf6 5. O-O e6 6. c4 dxc4 7. dxc5 Qxd1
8. Rxd1 Bxc5 9. Nbd2 b5 {[#] E04: Open Catalan: 5 Nf3.} (9... c3 $11 {keeps
the balance.} 10. bxc3 O-O) 10. a4 (10. Ne5 $1 $16 Nxe5 11. Bxa8) 10... Ba6 {
[#]} 11. Ng5 $146 {[%cal Bf3g5,Bg5e4,Be4c5][%mdl 32]} ({Predecessor:} 11. axb5
Bxb5 12. Ne5 Rc8 13. Nxc6 Bxc6 14. Nxc4 {½-½ (14) Lodici,L (2487)-Warmerdam,
M (2535) Villorba 2021}) 11... Nd5 {White has an edge.} 12. Nde4 Bb4 13. Nc3
Bxc3 14. bxc3 b4 15. Ne4 O-O 16. Nc5 {[%csl LRa6,LRd5]} Bc8 17. cxb4 Ncxb4 18.
Ba3 {Hoping for Bxb4. A strong pair of Bishops.} Nc2 19. Ra2 Nxa3 20. Rxa3 Rb8
21. e4 $36 {[%mdl 3072] White has compensation. White is more active.} Nf6 22.
Rc3 Rb4 23. Bf1 e5 24. f3 $1 h5 (24... g5 $14) 25. Bxc4 (25. h4 $16) 25... Bh3
26. Nd3 {[%csl LRb4,LRe5]} Rd8 {[#]} (26... Rxa4 $14 27. Nxe5 Be6) 27. Rcc1 (
27. Nxb4 $6 Rxd1+ 28. Kf2 Ra1 $16) (27. Bxf7+ $1 $18 {[%mdl 512]} Kxf7 (27...
Kf8 28. Bb3) 28. Nxe5+ Ke6 29. Rxd8 Kxe5 30. Rc7) 27... Rxa4 $16 28. Nxe5 Rxd1+
29. Rxd1 Be6 $2 (29... g5 $16 30. Bb3 (30. Bxf7+ Kg7 $16) 30... Rb4 31. Bxf7+
Kg7) 30. Bxe6 (30. Rd8+ $1 $18 Kh7 31. Nxf7 $1 Bxf7 32. Bxf7) 30... fxe6 $18 {
[%mdl 4096] Endgame KRN-KRN} 31. Rd8+ Kh7 32. h4 Ra5 33. Nd3 {White is more
active.} Ra3 {[%cal Of6d5]} 34. Kf2 Nd5 35. Nc5 (35. exd5 $6 Rxd3 36. d6 Kg6
$11) 35... Ra2+ 36. Ke1 Ra1+ 37. Kd2 Ra2+ 38. Kc1 $1 Ne3 (38... Nc3 {might
work better.} 39. Nxe6 Ne2+ 40. Kd1 Kg6) 39. Nxe6 Rc2+ 40. Kb1 {Threatening
mate with Ng5+.} Rc6 41. Nf8+ Kh6 $2 (41... Kg8 42. Nd7+ Kh7) 42. e5 {[%cal
Be4e5,Be5e6,Be6e7][%mdl 32] White wants to mate with Rd6+.} Rb6+ 43. Ka2 {
And now Rd6+ would win.} Nf5 {To avoid Rd6+} (43... Ra6+ {was called for.} 44.
Kb3 Nf5) 44. g4 $1 hxg4 45. fxg4 Nxh4 (45... Ne7 $142 46. Rd7 Ng6) 46. e6 {
Threatens to win with e7.} Ng6 {[#]} 47. Rd5 $1 {[%csl Gg4][%cal Rd5h5]} Ra6+ (
47... Nf4 48. e7) 48. Kb3 {[%csl Gg4][%cal Rd5h5]} Rb6+ 49. Ka4 {[%csl Gg4]
[%cal Rd5h5]} Nf4 {[#] Prevents Rh5+.} 50. e7 $1 {[%mdl 512]} Rb4+ (50... Nxd5
51. e8=Q) 51. Ka3 Re4 52. Rd4 $2 Re3+ $11 {The position is equal.} 53. Ka4 Kg5
54. Rd7 Kf6 55. Nh7+ Kg6 56. Nf8+ Kf7 57. Rxa7 Rxe7 58. Rxe7+ Kxe7 {KN-KN} 59.
Nh7 Ne6 60. Kb4 Kf7 {( -> ...Kg6)} 61. g5 $1 Kg6 {[%csl LRg5,LRh7]} 62. Nf6 $1
Kxg5 63. Ne8 g6 {[%cal Bg7g6,Bg6g5,Bg5g4][%mdl 32]} 64. Kc3 Kf4 65. Nf6 Kf3 66.
Kd2 g5 67. Ke1 $1 Nd4 68. Kf1 $1 Nc6 69. Kg1 Ne5 70. Nh7 $1 g4 71. Nf6 g3 72.
Nh5 g2 73. Nf4 $1 Kxf4 74. Kxg2 {White really could win this.  Weighted Error
Value: White=0.25 (precise) /Black=0.40} 1/2-1/2

[Event "Airthings Masters MCCT Prel 2022"]
[Site "Online"]
[Date "2022.02.13"]
[Round "3.7"]
[White "Praggnanandhaa R"]
[Black "Ding, Liren"]
[Result "0-1"]
[WhiteElo "2612"]
[BlackElo "2799"]
[Annotator "TA"]
[PlyCount "64"]
[EventDate "2022.02.18"]
[EventType "tourn"]
[EventCountry "NET"]
[SourceTitle "playchess.com"]
[Source "ChessBase"]
[SourceQuality "1"]

{[%evp 12,64,13,19,26,24,32,25,20,31,33,14,10,14,17,-17,-6,-36,-25,-29,-31,-20,
-23,-156,-139,-181,-182,-162,-31,-184,-193,-195,-185,-335,-334,-360,-389,-513,
-496,-491,-446,-533,-530,-520,-507,-537,-400,-549,-519,-674,-629,-739,-583,
-583,-566]} 1. e4 e5 2. Nf3 Nc6 3. Bc4 Nf6 4. d3 Bc5 5. c3 d6 6. Bg5 {[%cal
Bc1g5,Bg5h4,Bh4g3][%mdl 32]} h6 7. Bh4 a5 {C54: Giuoco Piano: 4 c3 Nf6, main
lines with 5 d4 and 5 d3.} 8. Nbd2 Ba7 9. O-O g5 {White has an edge.} 10. Bg3
O-O 11. a3 Nh7 {[#]} 12. h3 $146 ({Predecessor:} 12. Kh1 Kh8 13. b4 h5 14. b5
Ne7 15. Bxe5+ dxe5 16. Nxe5 Kg7 17. f4 g4 18. d4 {0-1 (34) Adhiban,B (2672)
-Vidit,S (2727) Kolkata 2021}) 12... h5 13. d4 g4 14. hxg4 hxg4 15. Bh4 Qd7 16.
Nh2 exd4 17. Be2 {[#]} (17. cxd4 $11 {remains equal.} Bxd4 18. Be2) 17... dxc3
$1 $17 18. Nc4 (18. Bxg4 $17 f5 19. Bxf5 Rxf5 20. exf5 cxd2 21. g4) 18... cxb2
$19 19. Rb1 {[%cal Re2g4]} Ne5 (19... Qe6 $19 20. Nxb2 Qxe4) 20. Rxb2 $2 {
[#] This move loses the game for White.} (20. Nxe5 $1 $15 dxe5 21. Rxb2) 20...
Ng6 $1 21. Bg3 {[%cal Rh2g4]} ({Much worse is} 21. Bxg4 Qc6 22. Bxc8 Raxc8 $19)
21... Nf6 22. Ne3 (22. Re1 $142) 22... Nxe4 23. Nhxg4 f5 {[%cal Bf7f5,Bf5g4]
[%mdl 32]} 24. Qd5+ Kg7 25. Bh2 Nc3 26. Qc4 Nxe2+ ({Weaker is} 26... fxg4 27.
Qxc3+ Kh7 28. Nxg4 $14) 27. Rxe2 fxg4 28. Nd5 Qc6 29. Qb3 Bf5 {Black is
clearly winning.} 30. Ne7 Qd7 31. Rfe1 Bxf2+ 32. Rxf2 Nxe7 {Weighted Error
Value: White=0.57/Black=0.24 (precise)} 0-1

[Event "Airthings Masters MCCT Prel 2022"]
[Site "Online"]
[Date "2022.02.13"]
[Round "3.8"]
[White "Le, Quang Liem"]
[Black "Hansen, Eric"]
[Result "1-0"]
[WhiteElo "2709"]
[BlackElo "2606"]
[Annotator "TA"]
[PlyCount "75"]
[EventDate "2022.02.18"]
[EventType "tourn"]
[EventCountry "NET"]
[SourceTitle "playchess.com"]
[Source "ChessBase"]
[SourceQuality "1"]

{[%evp 9,75,25,52,41,41,41,40,45,52,8,31,36,41,48,47,29,30,13,18,32,17,-10,-5,
-16,-11,-30,0,0,17,29,23,16,64,0,0,0,0,0,0,0,11,0,0,6,18,17,8,10,11,11,11,11,
11,11,52,11,11,11,11,11,212,212,198,198,729,729,491,442]} 1. Nf3 Nf6 2. c4 g6
3. Nc3 d5 4. cxd5 Nxd5 5. h4 h6 6. d4 {A16: English Opening: 1...Nf6 with ...
d5.} Bg7 {[%cal Oc7c5]} 7. e4 Nxc3 8. bxc3 {White is slightly better.} c5 9.
Be2 (9. Rb1 $14) 9... O-O (9... Nc6 $5 {[%cal Rc5d4]}) 10. O-O Bg4 11. Rb1 b6 {
[#]} 12. Be3 $146 ({Predecessor:} 12. Bf4 cxd4 13. cxd4 Nc6 14. d5 Bxf3 15.
Bxf3 Nd4 16. e5 Nxf3+ 17. Qxf3 e6 18. d6 Qxh4 {1-0 (44) Hannum,W (2010)-Pisani,
C (2028) ICCF email 2020}) 12... e6 13. dxc5 {Black should prevent Qa4.} (13.
Qa4 {is more complex.} Qc7 14. Rfc1 Rc8 15. Bd3 Bxf3 16. gxf3 Nc6 17. Ba6)
13... Nd7 $1 14. cxb6 axb6 15. Qc2 Bxf3 16. Bxf3 Qxh4 17. Rfd1 Ne5 18. Be2 ({
But not} 18. Rxb6 $2 Nxf3+ 19. gxf3 Qh3 $19) 18... Rfc8 {[%cal Oc8c3]} 19. c4
Ra3 {[%cal Oa3c3]} 20. Rb3 {To avoid Rc3} ({Reject} 20. Bxb6 {[#]} Nxc4 $1 21.
Bxc4 Rc3 $15) (20. Rxb6 Rca8 21. g3 Qh3 $11) 20... Ra4 (20... Rxb3 $11 21. axb3
Qe7) 21. Rxb6 (21. g3 $14 Qh3 22. Bxb6 (22. Rxb6 Rcxc4 23. Qb1 Rxe4 $17)) 21...
Rca8 $11 22. g3 Qh3 23. Rb8+ Rxb8 24. Qxa4 Rb2 25. Rd8+ Kh7 26. Qd1 $36 {
[%mdl 2048] [#] And now Rd2 would win. White fights for an advantage. Active
counter play!} Rxa2 27. Bd4 {Threatens to win with Bxe5. This bishop pair is
nice.} h5 $1 28. c5 Ng4 29. Bxg4 {The board is on fire.} Qxg4 30. Qxg4 hxg4 {
[%mdl 4096] Endgame KRB-KRB} 31. e5 g5 (31... Rd2 $11) 32. c6 (32. Rd7 $14 {
is superior.}) 32... Rc2 33. Rc8 Kg6 34. c7 {Black must now prevent Bb6.} Kh7
$2 {Black cannot hold the game after this.} (34... Kh6 $1 $11 {and Black has
nothing to worry.}) 35. Bb6 $18 Bxe5 36. Rf8 Bxc7 (36... Bd4) 37. Rxf7+ Kg6 38.
Rxc7 {Weighted Error Value: White=0.08 (flawless) /Black=0.17 (very precise)}
1-0

[Event "Airthings Masters MCCT Prel 2022"]
[Site "Online"]
[Date "2022.02.13"]
[Round "4.1"]
[White "Artemiev, Vladislav"]
[Black "Hansen, Eric"]
[Result "1/2-1/2"]
[WhiteElo "2700"]
[BlackElo "2606"]
[Annotator "TA"]
[PlyCount "47"]
[EventDate "2022.02.18"]
[EventType "tourn"]
[EventCountry "NET"]
[SourceTitle "playchess.com"]
[Source "ChessBase"]
[SourceQuality "1"]

{[%evp 12,47,1,7,0,16,16,0,14,11,12,10,14,10,23,26,17,27,24,31,21,0,0,-3,-11,
-10,-17,-12,0,0,0,0,0,0,0,0,0,0]} 1. c4 e5 2. Nc3 Nf6 3. Nf3 Nc6 4. d3 Bb4 5.
Bd2 O-O 6. g3 Re8 7. Bg2 h6 {A28: English Opening: Four Knights Variation.} 8.
O-O Bxc3 9. Bxc3 d5 10. cxd5 Nxd5 {[#]} 11. Qb3 $146 ({Predecessor:} 11. Rc1 a5
12. Qa4 Nb6 13. Qc2 a4 14. Rfd1 Bf5 15. h3 Qd6 16. e4 Be6 17. Qb1 {1-0 (45) Le,
Q (2712)-Tkachiev,V (2649) Khanty-Mansiysk 2013}) 11... Nxc3 12. bxc3 e4 13.
dxe4 Rxe4 14. e3 Re8 15. Rfd1 Qf6 16. Qc4 {Prevents Bg4. The position is equal.
} Be6 17. Qf4 Qxc3 18. Qxc7 Re7 19. Qf4 Rd7 20. Rdc1 Qb2 21. Rcb1 Qc3 22. Rc1
Qb2 23. Rcb1 Qc3 24. Rc1 {A balanced but interesting game.  Weighted Error
Value: White=0.02 (flawless) /Black=0.02 (flawless)} 1/2-1/2